000 00861nas a2200277 4500
001 BR9204537
003 BR-BrBNA
005 20231205092739.0
007 ta
008 230509b bl.|||p| |||| 00| 00por d
040 _aBR-BrBNA
_bpor
_cBiblioteca Nacional de Agricultura
041 _a(Pt)
072 _aF62
100 1 _aBuriol, G.A.
100 1 _aManara, N.T.F.
100 1 _aManara, W.
245 1 _aTemperatura base dos subperiodos emergencia-floracao e floracao-maturacao de quatro linhagens de lentilha (Lens culinaris Medic)
650 _aLENTILHA
650 _aFLORACAO
650 _aMATURACAO
650 _aEMERGENCIA
650 _aTEMPERATURA
773 0 _tRevista do Centro de Ciencias Rurais (Brazil)
_xISSN 0085-5901
_g(Jun 1978), v. 8(2) p. 175-184
_wBR9204537
909 _a202311
_bLúcia
_c55
_dLúcia Elande
942 _2AGRIS
_n0
_cANA
999 _c133864
_d133864